Normal view
MARC view
- بني هاني،عبدالرزاق
Entry Personal Name
001 - CONTROL NUMBER
- control field: 59559
003 - CONTROL NUMBER IDENTIFIER
- control field: JO-AjAnu
005 - DATE AND TIME OF LATEST TRANSACTION
- control field: 20230606083735.0
008 - FIXED-LENGTH DATA ELEMENTS
- fixed length control field: 230606|| aca||aabn | a|a d
040 ## - CATALOGING SOURCE
- Original cataloging agency: JO-AjAnu
- Transcribing agency: JO-AjAnu
100 ## - HEADING--PERSONAL NAME
- Personal name: بني هاني،عبدالرزاق
670 ## - SOURCE DATA FOUND
- Source citation: Work cat.: (JO-AjAnu)30376: بني هاني،عبدالرزاق, author, نظرية الانحباس وتنمية اللاتنمية=Entrapment Theory and the Development of Un-development